| 000 | 00903nas a2200277 4500 | ||
|---|---|---|---|
| 001 | BR0906355 | ||
| 003 | BR-BrBNA | ||
| 005 | 20231205113512.0 | ||
| 007 | ta | ||
| 008 | 230509b bl.|||p| |||| 00| 00por d | ||
| 040 |
_aBR-BrBNA _bpor _cBiblioteca Nacional de Agricultura |
||
| 041 | _a(Pt) | ||
| 072 | _aF30 | ||
| 100 | 1 | _aRocha, R,B. | |
| 100 | 1 | _aRocha, M. das G.B. | |
| 100 | 1 | _aSantana, R.C. | |
| 100 | 1 | _aVieira, A.H. | |
| 245 | 1 | _aEstimação de parâmetros genéticos e seleção de procedências e famílias de Dipteryx alata Vogel (baru)utilizando metodologia de REML/BLUP e E(QM) | |
| 650 | _aCUMBARU | ||
| 650 | _aPARAMETRO GENETICO | ||
| 650 | _aSELEÇÃO | ||
| 773 | 0 |
_tCerne (Brazil) _xISSN 0104-7760 _g(Jul-Sep 2009), v. 15(3) p. 331-338 _wBR0906355 |
|
| 856 | 4 | 0 | _uhttp://www.aprh.pt/rgci-155_Borges.pdf |
| 909 |
_a202311 _bLúcia _c55 _dLúcia Elande |
||
| 942 |
_2AGRIS _n0 _cANA |
||
| 999 |
_c204128 _d204128 |
||